000 00353nam a2200145Ia 4500
008 210210b1963 xxu||||| |||| 00| 0 eng d
082 _a539.14 LOTE
100 _aLOTHIAN (G F).
245 _aElectrons in atoms.
260 _aLondon
_bButter Worths
_c1963
300 _ax,196
650 _aElectron Atoms
690 _aModern Physics
906 _a039510
999 _c89513
_d89513